Physical principles in sensing and signaling : (Record no. 7017)

MARC details
000 -LEADER
fixed length control field 02218cam a2200433 i 4500
001 - CONTROL NUMBER
control field 1607191
003 - CONTROL NUMBER IDENTIFIER
control field OSt
005 - DATE AND TIME OF LATEST TRANSACTION
control field 20210824154250.0
008 - FIXED-LENGTH DATA ELEMENTS--GENERAL INFORMATION
fixed length control field 121003s2013 enka b 001 0 eng d
015 ## - NATIONAL BIBLIOGRAPHY NUMBER
National bibliography number GBB2A1579
Source bnb
016 7# - NATIONAL BIBLIOGRAPHIC AGENCY CONTROL NUMBER
Record control number 016185873
Source Uk
020 ## - INTERNATIONAL STANDARD BOOK NUMBER
International Standard Book Number 9780199600632 (hbk.)
020 ## - INTERNATIONAL STANDARD BOOK NUMBER
International Standard Book Number 0199600635 (hbk.)
020 ## - INTERNATIONAL STANDARD BOOK NUMBER
International Standard Book Number 0199600643 (pbk.)
020 ## - INTERNATIONAL STANDARD BOOK NUMBER
International Standard Book Number 9780199600649 (pbk.)
040 ## - CATALOGING SOURCE
Original cataloging agency UKMGB
Language of cataloging eng
Description conventions rda
Transcribing agency UKMGB
Modifying agency OCLCO
-- BTCTA
-- YDXCP
-- CDX
-- BWX
-- ORU
041 0# - LANGUAGE CODE
Language code of text/sound track or separate title eng
042 ## - AUTHENTICATION CODE
Authentication code nlmcopyc
050 #4 - LIBRARY OF CONGRESS CALL NUMBER
Classification number QH
060 00 - NATIONAL LIBRARY OF MEDICINE CALL NUMBER
Classification number QU 375
082 04 - DEWEY DECIMAL CLASSIFICATION NUMBER
Classification number 578.7END 2013
100 1# - MAIN ENTRY--PERSONAL NAME
Personal name Endres, Robert G.,
Relator term author.
9 (RLIN) 14404
245 10 - TITLE STATEMENT
Title Physical principles in sensing and signaling :
Remainder of title with an introduction to modeling in biology /
Statement of responsibility, etc. Robert G. Endres, Division of Molecular Biosciences, Imperial College London.
250 ## - EDITION STATEMENT
Edition statement First edition.
264 #1 - PRODUCTION, PUBLICATION, DISTRIBUTION, MANUFACTURE, AND COPYRIGHT NOTICE
Place of production, publication, distribution, manufacture Oxford, United Kingdom :
Name of producer, publisher, distributor, manufacturer Oxford University Press,
Date of production, publication, distribution, manufacture, or copyright notice 2013.
300 ## - PHYSICAL DESCRIPTION
Extent xi, 145 pages :
Other physical details illustrations ;
Dimensions 25 cm
336 ## - CONTENT TYPE
Content type term text
Source rdacontent
337 ## - MEDIA TYPE
Media type term unmediated
Source rdamedia
338 ## - CARRIER TYPE
Carrier type term volume
Source rdacarrier
504 ## - BIBLIOGRAPHY, ETC. NOTE
Bibliography, etc Includes bibliographical references and index.
505 0# - FORMATTED CONTENTS NOTE
Formatted contents note Introduction -- Chemotaxis in bacterium Escherichia coli -- Physical concepts -- Mathematical tools -- Signal amplification and integration -- Robust precise adaptation -- Polar receptor localization and clustering -- Accuracy of sensing -- Motor impulse response -- Optimization of pathway -- "Seeing like a bacterium" -- Beyond E. coli chemotaxis -- Appendix more techniques.
520 ## - SUMMARY, ETC.
Summary, etc. "This textbook is aimed at newcomers in the field of biological physics, especially motivated undergraduate and beginning graduate students with a mathematical and physical background, taking interest in the area of quantitative biology"--Preface.
650 12 - SUBJECT ADDED ENTRY--TOPICAL TERM
Topical term or geographic name as entry element Cell Communication
General subdivision physiology
Authority record control number https://id.nlm.nih.gov/mesh/D002450Q000502
9 (RLIN) 14405
650 12 - SUBJECT ADDED ENTRY--TOPICAL TERM
Topical term or geographic name as entry element Cell Movement
General subdivision physiology
Authority record control number https://id.nlm.nih.gov/mesh/D002465Q000502
9 (RLIN) 14406
650 22 - SUBJECT ADDED ENTRY--TOPICAL TERM
Topical term or geographic name as entry element Signal Transduction
Authority record control number https://id.nlm.nih.gov/mesh/D015398
9 (RLIN) 14407
650 22 - SUBJECT ADDED ENTRY--TOPICAL TERM
Topical term or geographic name as entry element Models, Biological
Authority record control number https://id.nlm.nih.gov/mesh/D008954
9 (RLIN) 14408
942 ## - ADDED ENTRY ELEMENTS (KOHA)
Source of classification or shelving scheme Dewey Decimal Classification
Koha item type Open Shelf
Holdings
Withdrawn status Lost status Source of classification or shelving scheme Damaged status Not for loan Home library Current library Date acquired Source of acquisition Inventory number Total Checkouts Full call number Barcode Date last seen Price effective from Koha item type
    Dewey Decimal Classification     MUST Main Library MUST Main Library 24/08/2021 Purchase 14/38343   578.7END 2013 2021-0699 24/08/2021 24/08/2021 Open Shelf
    Other/Generic Classification Scheme     MUST Main Library MUST Main Library 24/06/2024 Donation 14/38334   578.7END 2013 2024-21103 24/06/2024 24/06/2024 Open Shelf